| 000 | 00468 a2200181 4500 | ||
|---|---|---|---|
| 001 | 79061 | ||
| 020 | _a9780070593749 | ||
| 082 | _a004 NOR | ||
| 090 |
_c39547 _d39547 |
||
| 100 | _aPeter Norton | ||
| 245 |
_aIntroduction To Computer 6th /Ed _bComputer _cPeter Norton _hEnglish |
||
| 250 | _a6 th | ||
| 260 |
_aNew Delhi india _bTata McGraw Hill _c2009 |
||
| 300 | _axxv 610 p | ||
| 500 | _aDOS BS Reference Books | ||
| 505 | _aAHQ Books | ||
| 600 | _aComputer | ||
| 942 |
_acaenust _k004 NOR _cBS |
||
| 999 |
_c314134 _d314134 |
||